004530000a22001330004500020001500000082001500015100002200030245008700052260002400139260000900163300000800172490003100180650010800211 a0803857802 a070.49 SCH aSchuneman, RSmith aPhotographic communication : principles, problems and challenges of photojurnalism aLondon, Focal press c1972 a379 aVisual communication books aPhotography - journalistic - addressess, essays, lectures/ photographic communication/ photojournalism